MARC details
| 000 -LEADER |
| fixed length control field |
04341cgm a2200865 i 4500 |
| 001 - CONTROL NUMBER |
| control field |
on1343909829 |
| 003 - CONTROL NUMBER IDENTIFIER |
| control field |
OCoLC |
| 005 - DATE AND TIME OF LATEST TRANSACTION |
| control field |
20231206143434.0 |
| 007 - PHYSICAL DESCRIPTION FIXED FIELD--GENERAL INFORMATION |
| fixed length control field |
vd cvaizk |
| 008 - FIXED-LENGTH DATA ELEMENTS--GENERAL INFORMATION |
| fixed length control field |
220907s2022 cau104 j vceng d |
| 024 1# - OTHER STANDARD IDENTIFIER |
| Standard number or code |
191329229651 |
| 028 42 - PUBLISHER NUMBER |
| Publisher number |
SDS1000817869 |
| Source |
Nickelodeon / Paramount |
| 035 ## - SYSTEM CONTROL NUMBER |
| System control number |
(OCoLC)1343909829 |
| 037 ## - SOURCE OF ACQUISITION |
| Source of stock number/acquisition |
Midwest Tape |
| Note |
http://www.midwesttapes.com |
| 040 ## - CATALOGING SOURCE |
| Original cataloging agency |
TEFMT |
| Language of cataloging |
eng |
| Description conventions |
rda |
| Transcribing agency |
TEFMT |
| Modifying agency |
TEF |
| -- |
TP7 |
| -- |
OCLCF |
| -- |
OPW |
| -- |
INO |
| -- |
RNL |
| -- |
WACOL |
| 041 1# - LANGUAGE CODE |
| Language code of text/sound track or separate title |
eng |
| -- |
fre |
| -- |
spa |
| Language code of original and/or intermediate translations of text |
eng |
| 049 ## - LOCAL HOLDINGS (OCLC) |
| Holding library |
WACL |
| 050 #4 - LIBRARY OF CONGRESS CALL NUMBER |
| Classification number |
PN1992.77 .H65 2022 |
| 082 04 - DEWEY DECIMAL CLASSIFICATION NUMBER |
| Classification number |
791.45/75 |
| Edition number |
23/eng/20220909 |
| 092 ## - LOCALLY ASSIGNED DEWEY CALL NUMBER (OCLC) |
| Classification number |
childrens dvd |
| Item number |
Holiday |
| 245 00 - TITLE STATEMENT |
| Title |
Holiday bonanza |
| 246 3# - VARYING FORM OF TITLE |
| Title proper/short title |
Nickelodeon Holiday bonanza |
| 246 1# - VARYING FORM OF TITLE |
| Display text |
At head of title: |
| Title proper/short title |
Nick Jr |
| 257 ## - COUNTRY OF PRODUCING ENTITY FOR ARCHIVAL FILMS |
| Country of producing entity |
United States |
| -- |
Canada |
| -- |
Korea (South) |
| 264 #1 - Production, Publication, Distribution, Manufacture, and Copyright Notice. |
| Place of production, publication, distribution, manufacture |
Hollywood, California : |
| Name of producer, publisher, distributor, manufacturer |
Paramount, |
| Date of production, publication, distribution, manufacture, or copyr |
[2022] |
| 300 ## - PHYSICAL DESCRIPTION |
| Extent |
1 videodisc (104 min.) : |
| Other physical details |
sound, color ; |
| Dimensions |
4 3/4 in. |
| 336 ## - Content Type |
| Content type term |
two-dimensional moving image |
| 337 ## - Media type |
| Media type term |
video |
| 338 ## - Carrier type |
| Carrier type term |
videodisc |
| 500 ## - GENERAL NOTE |
| General note |
Title from disc label. |
| 500 ## - GENERAL NOTE |
| General note |
Originally broadcast as single episodes of a television program 2020-2021. |
| 505 00 - FORMATTED CONTENTS NOTE |
| Title |
A Blue's clues festival of lights |
| -- |
(Blue's clues & you!) -- |
| -- |
A blazing amazing Christmas |
| -- |
(Blaze and the monster machines) -- |
| -- |
Christmas is coming! |
| -- |
(Bubble Guppies) -- |
| -- |
Pups save a snowbound cow |
| -- |
(PAW patrol) -- |
| -- |
Pups save the marooned mayors |
| -- |
(PAW patrol) -- |
| -- |
Snowball bonanza |
| -- |
(Baby Shark's big show!). |
| 520 ## - SUMMARY, ETC. |
| Summary, etc |
The holidays are here! Blue celebrates Hanukkah, the festival of lights, at Periwinkle's house. Then, Blaze and his friends help Santa get his sleigh ready for all his deliveries. Next, the Bubble Guppies are on a quest to attend King Grouper's Christmas party. Finally, Baby Shark and his friends attempt to win the annual Snowball Bonanza! Plus, The PAW Patrol rescues a cow in a snowstorm! Season's Greetings! |
| 521 ## - TARGET AUDIENCE NOTE |
| Target audience note |
Rating: Not rated. |
| 521 ## - TARGET AUDIENCE NOTE |
| Target audience note |
childrens dvd |
| Source |
micromarketing |
| 538 ## - SYSTEM DETAILS NOTE |
| System details note |
DVD; region 1, NTSC; English 5.1 Dolby digital, French & Spanish 2.0 Dolby digital; widescreen. |
| 546 ## - LANGUAGE NOTE |
| Language note |
English, French or Spanish dialogue; closed-captioned. |
| 630 01 - SUBJECT ADDED ENTRY--UNIFORM TITLE |
| Uniform title |
Blue's clues (Television program) |
| Form subdivision |
Drama. |
| 9 (RLIN) |
6459624 |
| 630 07 - SUBJECT ADDED ENTRY--UNIFORM TITLE |
| Uniform title |
Blue's clues (Television program) |
| Source of heading or term |
fast |
| 650 #0 - SUBJECT ADDED ENTRY--TOPICAL TERM |
| Topical term or geographic name as entry element |
Holidays |
| Form subdivision |
Juvenile drama. |
| 9 (RLIN) |
6458510 |
| 650 #0 - SUBJECT ADDED ENTRY--TOPICAL TERM |
| Topical term or geographic name as entry element |
PAW Patrol (Fictitious characters) |
| Form subdivision |
Juvenile drama. |
| 9 (RLIN) |
6445121 |
| 650 #0 - SUBJECT ADDED ENTRY--TOPICAL TERM |
| Topical term or geographic name as entry element |
Dogs |
| Form subdivision |
Juvenile drama. |
| 9 (RLIN) |
5682267 |
| 650 #0 - SUBJECT ADDED ENTRY--TOPICAL TERM |
| Topical term or geographic name as entry element |
Trucks |
| Form subdivision |
Juvenile drama. |
| 9 (RLIN) |
6459620 |
| 650 #0 - SUBJECT ADDED ENTRY--TOPICAL TERM |
| Topical term or geographic name as entry element |
Sharks |
| Form subdivision |
Juvenile drama. |
| 9 (RLIN) |
6459621 |
| 650 #0 - SUBJECT ADDED ENTRY--TOPICAL TERM |
| Topical term or geographic name as entry element |
Guppies |
| Form subdivision |
Juvenile drama. |
| 9 (RLIN) |
6459622 |
| 650 #0 - SUBJECT ADDED ENTRY--TOPICAL TERM |
| Topical term or geographic name as entry element |
Hanukkah |
| Form subdivision |
Juvenile drama. |
| 9 (RLIN) |
6459623 |
| 650 #1 - SUBJECT ADDED ENTRY--TOPICAL TERM |
| Topical term or geographic name as entry element |
Holidays |
| Form subdivision |
Drama. |
| 9 (RLIN) |
5738230 |
| 650 #1 - SUBJECT ADDED ENTRY--TOPICAL TERM |
| Topical term or geographic name as entry element |
PAW Patrol (Fictitious characters) |
| Form subdivision |
Drama. |
| 9 (RLIN) |
5772667 |
| 650 #7 - SUBJECT ADDED ENTRY--TOPICAL TERM |
| Topical term or geographic name as entry element |
Holidays. |
| Source of heading or term |
fast |
| 650 #7 - SUBJECT ADDED ENTRY--TOPICAL TERM |
| Topical term or geographic name as entry element |
PAW Patrol (Fictitious characters) |
| Source of heading or term |
fast |
| 9 (RLIN) |
6361846 |
| 655 #7 - INDEX TERM--GENRE/FORM |
| Genre/form data or focus term |
Animated television programs. |
| Source of term |
fast |
| 655 #7 - INDEX TERM--GENRE/FORM |
| Genre/form data or focus term |
Children's films. |
| Source of term |
fast |
| 655 #7 - INDEX TERM--GENRE/FORM |
| Genre/form data or focus term |
Children's television programs. |
| Source of term |
fast |
| 655 #7 - INDEX TERM--GENRE/FORM |
| Genre/form data or focus term |
Juvenile works. |
| Source of term |
fast |
| 9 (RLIN) |
5673941 |
| 655 #7 - INDEX TERM--GENRE/FORM |
| Genre/form data or focus term |
Television programs. |
| Source of term |
fast |
| 655 #7 - INDEX TERM--GENRE/FORM |
| Genre/form data or focus term |
Video recordings for the hearing impaired. |
| Source of term |
fast |
| 655 #7 - INDEX TERM--GENRE/FORM |
| Genre/form data or focus term |
Christmas television programs. |
| Source of term |
lcgft |
| 9 (RLIN) |
5674317 |
| 655 #7 - INDEX TERM--GENRE/FORM |
| Genre/form data or focus term |
Fiction television programs. |
| Source of term |
lcgft |
| 9 (RLIN) |
5673656 |
| 655 #7 - INDEX TERM--GENRE/FORM |
| Genre/form data or focus term |
Animated television programs. |
| Source of term |
lcgft |
| 655 #7 - INDEX TERM--GENRE/FORM |
| Genre/form data or focus term |
Computer animation television programs. |
| Source of term |
lcgft |
| 9 (RLIN) |
5731427 |
| 655 #7 - INDEX TERM--GENRE/FORM |
| Genre/form data or focus term |
Live-action/animation television programs. |
| Source of term |
lcgft |
| 9 (RLIN) |
5882040 |
| 655 #7 - INDEX TERM--GENRE/FORM |
| Genre/form data or focus term |
Children's television programs. |
| Source of term |
lcgft |
| 655 #7 - INDEX TERM--GENRE/FORM |
| Genre/form data or focus term |
Video recordings for the hearing impaired. |
| Source of term |
lcgft |
| 710 2# - ADDED ENTRY--CORPORATE NAME |
| Corporate name or jurisdiction name as entry element |
Nickelodeon (Firm), |
| Relator term |
broadcaster. |
| 9 (RLIN) |
18033 |
| 710 2# - ADDED ENTRY--CORPORATE NAME |
| Corporate name or jurisdiction name as entry element |
Paramount Home Entertainment (Firm), |
| Relator term |
publisher. |
| 9 (RLIN) |
72161 |
| 730 02 - ADDED ENTRY--UNIFORM TITLE |
| Uniform title |
Holiday bonanza (Television program) |
| 9 (RLIN) |
6459625 |
| 730 02 - ADDED ENTRY--UNIFORM TITLE |
| Uniform title |
Holiday bonanza (Television program). |
| Language of a work |
French. |
| 9 (RLIN) |
6459626 |
| 730 02 - ADDED ENTRY--UNIFORM TITLE |
| Uniform title |
Holiday bonanza (Television program). |
| Language of a work |
Spanish. |
| 9 (RLIN) |
6459627 |
| 730 0# - ADDED ENTRY--UNIFORM TITLE |
| Uniform title |
Blue's clues & you! (Television program) |
| 9 (RLIN) |
6424813 |
| 730 0# - ADDED ENTRY--UNIFORM TITLE |
| Uniform title |
Blaze and the monster machines (Television program) |
| 730 0# - ADDED ENTRY--UNIFORM TITLE |
| Uniform title |
Bubble Guppies (Television program) |
| 730 0# - ADDED ENTRY--UNIFORM TITLE |
| Uniform title |
PAW patrol (Television program) |
| 9 (RLIN) |
5712321 |
| 730 0# - ADDED ENTRY--UNIFORM TITLE |
| Uniform title |
Baby Shark's big show! (Television program) |
| 9 (RLIN) |
6459628 |
| 942 ## - ADDED ENTRY ELEMENTS (KOHA) |
| Source of classification or shelving scheme |
Dewey Decimal Classification |
| Koha item type |
DVD |